000 00726nam a2200229Ia 4500
003 OSt
005 20220923214310.0
006 a|||||r|||| 00| 0
007 ta
008 220922b |||||||| |||| 00| 0 hin d
024 _a168,534
037 _cTextual
040 _aARTS
_cARTS
_bhin
041 _2hin
_ahin
082 _aO152:1I83x, J1
100 _aसूरदास
245 0 _aसूरपंचदत्न, भगवानदीन तथा मोहनवल्लभ पन्त सपंा
246 _aSūrapanchadatna, bhagavānadīn tathā mohanavallabh panta sapanā0
260 _c1951
942 _hO152:1I83x, J1
_cTEXL
_2CC
999 _c323001
_d323001